000 00278nam a22001337a 4500
008 170919b xxu||||| |||| 00| 0 eng d
020 _a9781843094296
041 _aeng
080 _a7
100 _a44
101 _aART
245 _aANCIENT EGYPT
_cOAKES,L
942 _2udc
_cBK
999 _c28186
_d28186